<?xml version="1.0" encoding="UTF-8"?>
<record
    xmlns:xsi="http://www.w3.org/2001/XMLSchema-instance"
    xsi:schemaLocation="http://www.loc.gov/MARC21/slim http://www.loc.gov/standards/marcxml/schema/MARC21slim.xsd"
    xmlns="http://www.loc.gov/MARC21/slim">

  <leader>01010nam a22001697a 4500</leader>
  <controlfield tag="008">111110t        xxu||||| |||| 00| 0 eng d</controlfield>
  <datafield tag="020" ind1=" " ind2=" ">
    <subfield code="a">185805095</subfield>
  </datafield>
  <datafield tag="050" ind1=" " ind2=" ">
    <subfield code="a">HB61.M34</subfield>
  </datafield>
  <datafield tag="100" ind1=" " ind2=" ">
    <subfield code="a">Sutcliffe, Mark</subfield>
  </datafield>
  <datafield tag="245" ind1=" " ind2=" ">
    <subfield code="a">Essential elements of business economics /</subfield>
    <subfield code="c">Mark  Sutcliffe</subfield>
  </datafield>
  <datafield tag="260" ind1=" " ind2=" ">
    <subfield code="a">Guernesy:</subfield>
    <subfield code="b">Guernesy Press Co.Ltd.</subfield>
    <subfield code="c">c1994.</subfield>
  </datafield>
  <datafield tag="300" ind1=" " ind2=" ">
    <subfield code="a">vii,135p.:</subfield>
    <subfield code="b">illus.</subfield>
    <subfield code="c">28cm.</subfield>
  </datafield>
  <datafield tag="500" ind1=" " ind2=" ">
    <subfield code="a">Includes index.</subfield>
  </datafield>
  <datafield tag="505" ind1=" " ind2=" ">
    <subfield code="a">Contents: An introduction to business economics -- Resource allocation -- Business organizations -- Business organizations -- Business costs and market prices -- Market structure and the conduct of business -- Small firms and multinationals -- The Labour market and the determination of wages -- Investment, R&amp;D and training-- National economic change and business activity -- Money, banking and inflation -- Economic policy and the business environment -- The International dimension -- The European Union and the business environment.</subfield>
  </datafield>
  <datafield tag="650" ind1=" " ind2=" ">
    <subfield code="a">Managerial economics</subfield>
  </datafield>
  <datafield tag="942" ind1=" " ind2=" ">
    <subfield code="2">lcc</subfield>
    <subfield code="c">BK</subfield>
  </datafield>
  <datafield tag="999" ind1=" " ind2=" ">
    <subfield code="c">262</subfield>
    <subfield code="d">7762</subfield>
  </datafield>
  <datafield tag="952" ind1=" " ind2=" ">
    <subfield code="0">0</subfield>
    <subfield code="1">0</subfield>
    <subfield code="2">lcc</subfield>
    <subfield code="4">0</subfield>
    <subfield code="7">0</subfield>
    <subfield code="a">WIUC-1</subfield>
    <subfield code="b">WIUC-1</subfield>
    <subfield code="c">GEN</subfield>
    <subfield code="d">2011-11-10</subfield>
    <subfield code="l">0</subfield>
    <subfield code="o">HB61.M34</subfield>
    <subfield code="p">748/11</subfield>
    <subfield code="r">2011-11-10 00:00:00</subfield>
    <subfield code="t">1</subfield>
    <subfield code="w">2011-11-10</subfield>
    <subfield code="y">BK</subfield>
  </datafield>
  <datafield tag="952" ind1=" " ind2=" ">
    <subfield code="0">0</subfield>
    <subfield code="1">0</subfield>
    <subfield code="2">lcc</subfield>
    <subfield code="4">0</subfield>
    <subfield code="7">0</subfield>
    <subfield code="a">WIUC-1</subfield>
    <subfield code="b">WIUC-1</subfield>
    <subfield code="c">GEN</subfield>
    <subfield code="d">2011-11-10</subfield>
    <subfield code="l">0</subfield>
    <subfield code="o">HB61.M341</subfield>
    <subfield code="p">749/11</subfield>
    <subfield code="r">2011-11-10 00:00:00</subfield>
    <subfield code="t">2</subfield>
    <subfield code="w">2011-11-10</subfield>
    <subfield code="y">BK</subfield>
  </datafield>
  <datafield tag="952" ind1=" " ind2=" ">
    <subfield code="0">0</subfield>
    <subfield code="1">0</subfield>
    <subfield code="2">lcc</subfield>
    <subfield code="4">0</subfield>
    <subfield code="7">0</subfield>
    <subfield code="a">WIUC-1</subfield>
    <subfield code="b">WIUC-1</subfield>
    <subfield code="c">GEN</subfield>
    <subfield code="d">2011-11-10</subfield>
    <subfield code="l">0</subfield>
    <subfield code="o">HB61.M342</subfield>
    <subfield code="p">750/11</subfield>
    <subfield code="r">2011-11-10 00:00:00</subfield>
    <subfield code="t">3</subfield>
    <subfield code="w">2011-11-10</subfield>
    <subfield code="y">BK</subfield>
  </datafield>
  <datafield tag="952" ind1=" " ind2=" ">
    <subfield code="0">0</subfield>
    <subfield code="1">0</subfield>
    <subfield code="2">lcc</subfield>
    <subfield code="4">0</subfield>
    <subfield code="7">0</subfield>
    <subfield code="a">WIUC-1</subfield>
    <subfield code="b">WIUC-1</subfield>
    <subfield code="c">GEN</subfield>
    <subfield code="d">2011-11-10</subfield>
    <subfield code="l">0</subfield>
    <subfield code="o">HB61.M343</subfield>
    <subfield code="p">751/11</subfield>
    <subfield code="r">2011-11-10 00:00:00</subfield>
    <subfield code="t">4</subfield>
    <subfield code="w">2011-11-10</subfield>
    <subfield code="y">BK</subfield>
  </datafield>
  <datafield tag="952" ind1=" " ind2=" ">
    <subfield code="0">0</subfield>
    <subfield code="1">0</subfield>
    <subfield code="2">lcc</subfield>
    <subfield code="4">0</subfield>
    <subfield code="7">0</subfield>
    <subfield code="a">WIUC-1</subfield>
    <subfield code="b">WIUC-1</subfield>
    <subfield code="c">GEN</subfield>
    <subfield code="d">2011-11-10</subfield>
    <subfield code="l">0</subfield>
    <subfield code="o">HB61.M344</subfield>
    <subfield code="p">752/11</subfield>
    <subfield code="r">2011-11-10 00:00:00</subfield>
    <subfield code="t">5</subfield>
    <subfield code="w">2011-11-10</subfield>
    <subfield code="y">BK</subfield>
  </datafield>
</record>
